<?xml version="1.0" encoding="UTF-8"?>
<record
    xmlns:xsi="http://www.w3.org/2001/XMLSchema-instance"
    xsi:schemaLocation="http://www.loc.gov/MARC21/slim http://www.loc.gov/standards/marcxml/schema/MARC21slim.xsd"
    xmlns="http://www.loc.gov/MARC21/slim">

  <leader>00875nam a2200157 u 4500</leader>
  <controlfield tag="001">000002526</controlfield>
  <controlfield tag="005">20200929150216.0</controlfield>
  <controlfield tag="008">090702s200u    dr      r     000 0 spa d</controlfield>
  <datafield tag="040" ind1=" " ind2=" ">
    <subfield code="a">DO-SdBNP</subfield>
    <subfield code="b">spa</subfield>
    <subfield code="c">BNPHU</subfield>
  </datafield>
  <datafield tag="082" ind1=" " ind2=" ">
    <subfield code="a">332.67153</subfield>
    <subfield code="b">H673</subfield>
  </datafield>
  <datafield tag="245" ind1="0" ind2="0">
    <subfield code="a">Historia del calvario de la compa&#xF1;&#xED;a de electricidad de Puerto Plata = The history of the calvary of compa&#xF1;&#xED;a de electrecidad de Puerto Plata :</subfield>
    <subfield code="b">una inversi&#xF3;n extranjera secuestrada por un demandante temerario que esgrime como arma ins&#xF3;lita la sentencia de una corte judicial = a foreing investment held hostage by a brazen claimant brandishing the judgment of a court as an extraordinary weapon.</subfield>
  </datafield>
  <datafield tag="260" ind1=" " ind2=" ">
    <subfield code="a">Puerto Plata :</subfield>
    <subfield code="b">CEPP,</subfield>
    <subfield code="c">200?</subfield>
  </datafield>
  <datafield tag="300" ind1=" " ind2=" ">
    <subfield code="a">66p. ;</subfield>
    <subfield code="c">17 cm.</subfield>
  </datafield>
  <datafield tag="610" ind1="1" ind2="4">
    <subfield code="a">COMPA&#xD1;&#xCD;A DE EL&#xC9;CTRICIDAD DE PUERTO PLATA</subfield>
    <subfield code="z">REP&#xDA;BLICA DOMINICANA</subfield>
    <subfield code="9">7934</subfield>
  </datafield>
  <datafield tag="650" ind1=" " ind2="4">
    <subfield code="a">Empresas el&#xE9;ctricas</subfield>
    <subfield code="z">Rep&#xFA;blica Dominicana</subfield>
    <subfield code="9">7935</subfield>
  </datafield>
  <datafield tag="952" ind1=" " ind2=" ">
    <subfield code="0">0</subfield>
    <subfield code="1">0</subfield>
    <subfield code="5">4</subfield>
    <subfield code="7">0</subfield>
    <subfield code="8">PD</subfield>
    <subfield code="a">PD</subfield>
    <subfield code="b">PD</subfield>
    <subfield code="c">CT</subfield>
    <subfield code="d">2009-07-02</subfield>
    <subfield code="i">LF1</subfield>
    <subfield code="l">0</subfield>
    <subfield code="o">332.67153 H673</subfield>
    <subfield code="p">2526-10</subfield>
    <subfield code="r">2020-06-25</subfield>
    <subfield code="w">2020-06-25</subfield>
    <subfield code="y">LFPD</subfield>
    <subfield code="Z">Pr&#xE9;stamo en sala</subfield>
  </datafield>
  <datafield tag="999" ind1=" " ind2=" ">
    <subfield code="c">2362</subfield>
    <subfield code="d">2362</subfield>
  </datafield>
</record>
